000 00304nam a2200133Ia 4500
005 20251222143121.0
008 251222s9999||||xx |||||||||||||| ||spa||
020 _a84-350-1618-8
082 _a828.9/G77
100 _aGraves, Roberto
245 0 _aEl Vellocino de Oro
264 _bEdhasa
942 _cLIB
999 _c11555
_d11555